000 00576nam a2200241Ia 4500
003 OSt
005 20231115120057.0
008 210210b1924 xxu||||| |||| 00| 0 eng d
040 _cAL
041 _aFrench
082 _a444/71
100 _aLUCAS (J)
_9141526
245 _aOxford book of french verse
260 _aOxford
_bAt the Clarendon Press
_c1924
650 _averse
_9141527
650 _aOxford
_9141528
650 _aof
_9141529
650 _afrench
_9141530
650 _abook
_9141531
690 _aFrench
_9141532
906 _a006266
942 _2ddc
_cBK
999 _c129285
_d129285